Cómo utilizar la cámara de video

Uloženo v:
Podrobná bibliografie
Hlavní autor: Millerson, Gerald (autor)
Médium: Kniha
Jazyk:španělština
Vydáno: Barcelona Gedisa S. A 1998
Vydání:1a. ed
Edice:Multimedia, 12
Témata:
Tagy: Přidat tag
Žádné tagy, Buďte první, kdo vytvoří štítek k tomuto záznamu!

MARC

LEADER 00000cam a2200000 a 4500
001 UCC5956
003 CL-VaPUC
008 181109e19980000sp |||||||||||||||||spa|d
020 |a 8474326265 
082 0 4 |a 778.599028  |b MIL  |2 21 
100 |a Millerson, Gerald  |e autor  |9 600403 
245 1 0 |a Cómo utilizar la cámara de video 
250 |a 1a. ed 
300 |a 190 p 
942 |c BK 
945 |d 20181109 15:19:00  |a dcastane 
260 |a Barcelona  |b Gedisa S. A  |c 1998 
650 0 |a Comunicación audiovisual  |9 268089 
650 7 |a GRABACION DE IMAGENES  |2 CL-VaPUC  |9 424555 
650 0 |a Videos  |9 335420 
583 |a last modification  |c 20181109 15:19:00  |k Rodrigo Vera 
490 0 |a Multimedia, 12 
999 |c 373059  |d 373057 
952 |0 0  |1 0  |3 erb  |4 0  |6 778_599028000000000_MIL_1998  |7 0  |8 A  |9 490974  |a BIBCUR  |b BIBCUR  |i 5512662  |o 778.599028 MIL 1998  |p 5512662  |r 2025-04-22  |w 2019-11-24  |y BK  |z Catalogado en:20181109  |k PER